00343nam a2200133Ia 45000030006000000080041000060400015000471000031000622450018000932600061001113000006001725460014001780050017001920STCL150530s9999 xx 000 0 und d aSTCLcSTCL aVailopilly Sreedhara Menon aKutiyozhikkal bSahitya Pravarthaka Co Operative Society ; Kottayac1980 a0 aMalayalam20220125170718.0